Comparison of tasks and responsibilities in the building control systems of European Union countries (Record no. 111024)

MARC details
000 -LEADER
fixed length control field 01493cad a22002535a 4500
001 - CONTROL NUMBER
control field E150920
008 - FIXED-LENGTH DATA ELEMENTS--GENERAL INFORMATION
fixed length control field 100915s2009 xxk f 100 0 eng d
020 ## - INTERNATIONAL STANDARD BOOK NUMBER
International Standard Book Number 9781842195192
035 ## - SYSTEM CONTROL NUMBER
System control number (Sirsi) u150920
041 0# - LANGUAGE CODE
Language code of text/sound track or separate title eng
100 1# - MAIN ENTRY--PERSONAL NAME
Personal name Pedro, Joao Branco
111 2# - MAIN ENTRY--MEETING NAME
Meeting name or jurisdiction name as entry element Construction and Building Research Conference
Location of meeting University of Cape Town
Date of meeting or treaty signing 10-11 September 2009
245 00 - TITLE STATEMENT
Title Comparison of tasks and responsibilities in the building control systems of European Union countries
Medium [electronic resource]
260 ## - PUBLICATION, DISTRIBUTION, ETC.
Place of publication, distribution, etc. London
Name of publisher, distributor, etc. RICS
Date of publication, distribution, etc. 2009
520 ## - SUMMARY, ETC.
Summary, etc. Compares the tasks and responsibilities of public and private parties in the building control systems of the 27 European Union countries. The results are based on a questionnaire on building regulatory systems which was distributed to national experts in each country, and a review of major legal documents. The information is organized in thematic tables, with themes including: regulatory framework, application, plan approval, site inspection, completion and supervision. Concludes that the building control systems of EU countries have many similarities.
590 ## - LOCAL NOTE (RLIN)
Local note KA
650 24 - SUBJECT ADDED ENTRY--TOPICAL TERM
Topical term or geographic name entry element CONSTRUCTION AND BUILDING RESEARCH CONFERENCE (COBRA)
651 #4 - SUBJECT ADDED ENTRY--GEOGRAPHIC NAME
Geographic name Europe
690 ## - LOCAL SUBJECT ADDED ENTRY--TOPICAL TERM (OCLC, RLIN)
Topical term or geographic name as entry element BUILT ENVIRONMENT-BUILDING STANDARDS
700 1# - ADDED ENTRY--PERSONAL NAME
Personal name Meijer, Frits
700 1# - ADDED ENTRY--PERSONAL NAME
Personal name Visscher, Henk
856 40 - ELECTRONIC LOCATION AND ACCESS
Uniform Resource Identifier <a href="https://www.rics.org/site/scripts/download_info.aspx?fileID=5053&categoryID=524">https://www.rics.org/site/scripts/download_info.aspx?fileID=5053&categoryID=524</a>
Public note View the item free of charge at www.rics.org
942 ## - ADDED ENTRY ELEMENTS (KOHA)
Suppress in OPAC 0
Holdings
Withdrawn status Lost status Source of classification or shelving scheme Damaged status Not for loan Home library Current library Shelving location Date acquired Total Checkouts Full call number Barcode Date last seen Copy number Price effective from Koha item type
    Dewey Decimal Classification     Virtual Virtual Online 15/09/2010   ONLINE PUBLICATION 150920-2001 06/08/2019 1 06/08/2019 Book